Sin un lugar donde esconderse (Registro nro. 35742)

Detalles MARC
000 -CABECERA
Longitud fija campo de control 01121nam a2200301 c 4500
003 - • IDENTIFICADOR DELl NÚMERO DE CONTROL
Identificador del número de control CO-ViMGA
005 - • FECHA Y HORA DE LA ÚLTIMA TRANSACCIÓN
Fecha y hora de la última transacción 20230915233139.0
008 - • CÓDIGOS DE INFORMACIÓN DE LONGITUD FIJA
Códigos de información de longitud fija 140729s2014 sp a | |||| 000 0 spa
020 ## - • NÚMERO INTERNACIONAL NORMALIZADO PARA LIBROS
Número Internacional Normalizado para Libros (ISBN) 9788466654593
040 ## - FUENTE DE LA CATALOGACIÓN
Centro catalogador de origen CO-ViMGA
Lengua de catalogación spa
Centro transcriptor CO-ViMGA
041 1# - • CÓDIGO DE LENGUA
Código de lengua original eng
082 04 - • NÚMERO DE LA CLASIFICACIÓN DECIMAL DEWEY
Número de clasificación (R) 364.131
Número del ítem G72s
100 1# - • PUNTO DE ACCESO PRINCIPAL-NOMBRE DE PERSONA
Nombre de persona Greenwald, Glenn
240 10 - • TÍTULO UNIFORME
Título uniforme <a href="No place to hide, Edward Snowden, the NSA and the U.S. surveillance state">No place to hide, Edward Snowden, the NSA and the U.S. surveillance state</a>
245 10 - • TITULO PROPIAMENTE DICHO
Título Sin un lugar donde esconderse
Mención de responsabilidad, etc. Gleen Greenwald
246 0# - • VARIANTES DE T&Iacute;TULO
Título propio / Título en breve Edward Snowden, la NSA y el estado de vigilancia de EE.UU.
246 14 - • VARIANTES DE T&Iacute;TULO
Título propio / Título en breve Snowden, sin un lugar donde esconderse
250 ## - • MENCI&Oacute;N DE EDICI&Oacute;N
Mención de edición 1® ed.
300 ## - • DESCRIPCI&Oacute;N F&Iacute;SICA
Extensión 313 p.
Otras características físicas il.
Dimensiones 23 cm
490 0# - • MENCI&Oacute;N DE SERIE
Mención de serie No Ficcin̤
600 17 - • PUNTO DE ACCESO ADICIONAL DE MATERIA - NOMBRE DE PERSONA
Nombre de persona Snowden, Edward J.
Fechas asociadas al nombre 1983-
610 27 - • PUNTO DE ACCESO ADICIONAL DE MATERIA - NOMBRE DE ENTIDAD CORPORATIVA
Nombre de entidad corporativa o nombre de jurisdicción como elemento inicial Estados Unidos
Unidad subordinada National Security Agency/Central Security Service
650 17 - • PUNTO DE ACCESO ADICIONAL DE MATERIA - T&Eacute;RMINO DE MATERIA
Término de materia o nombre geográfico como elemento inicial Delitos contra la seguridad del estado
Subdivisión geográfica Estados Unidos
650 17 - • PUNTO DE ACCESO ADICIONAL DE MATERIA - T&Eacute;RMINO DE MATERIA
Término de materia o nombre geográfico como elemento inicial Vigilancia electronica
Subdivisión geográfica Estados Unidos
Fuente del encabezamiento o término embne
942 ## - ENTRADA DE ELEMENTOS AGREGADOS (KOHA)
Fuente de clasificaión o esquema Dewey Decimal Classification
Koha [por defecto] tipo de item LIbro
Existencias
Perdido Fuente de clasificaci&oacute;n o esquema Estado Físico No para pr&eacute;stamo Forma de adquisición Localizaci&oacute;n permanente Localizaci&oacute;n actual Fecha adquisici&oacute;n Pr&eacute;stamos totales Signatura completa C&oacute;digo de barras Fecha &uacute;ltima consulta Fecha &uacute;ltimo pr&eacute;stamo N&uacute;mero de copia Fecha del precio de reemplazo Tipo de item de Koha
  Dewey Decimal Classification     Sala Especializada Tercer Piso Biblioteca Pública Germán Arciniegas - Villavicencio Biblioteca Pública Germán Arciniegas - Villavicencio 08/26/2016 1 364.131 G72s 30966 04/11/2019 03/27/2019 Ej. 1 08/26/2016 LIbro









Instituto Departamental de Cultura del Meta - Red Departamental de Bibliotecas Públicas del Meta.